Statistics for Honolulu Daniel K. Inouye (HNL) Airport Destinations

Click here to take the quiz!

General Stats

  • This quiz has been taken 274 times
    (216 since last reset)
  • The average score is 42 of 64

Answer Stats

Airline/sDestination% Correct
Alaska Airlines, American Airlines, Delta Airlines, Hawaiian Airlines, Southwest Airlines, Sun Country Airlines, United AirlinesLos Angeles
93%
Alaska Airlines, Delta Airlines, Hawaiian AirlinesSeattle/Tacoma
91%
Alaska Airlines, Hawaiian Airlines, Sun Country Airlines, United AirlinesSan Francisco
90%
American Airlines, United AirlinesChicago (O'Hare)
88%
Alaska Airlines, Hawaiian Airlines, Southwest AirlinesSan Diego
88%
Air Canada, WestJetVancouver
88%
Alaska AirlinesAnchorage
87%
All Nippon Airways, Hawaiian Airlines, Japan AirlinesTokyo (Haneda)
87%
All Nippon Airways, Hawaiian Airlines, Japan Airlines, United Airlines, ZIPAIR TokyoTokyo (Narita)
87%
Delta AirlinesAtlanta
86%
American AirlinesDallas/Fort Worth
86%
Alaska Airlines, Hawaiian AirlinesPortland (OR)
86%
Air New Zealand, Hawaiian AirlinesAuckland
85%
United AirlinesDenver
85%
American Airlines, Hawaiian Airlines, Southwest AirlinesPhoenix (Sky Harbor)
85%
Hawaiian AirlinesNew York (John F. Kennedy)
84%
United AirlinesHouston (Intercontinental)
83%
Hawaiian Airlines, Jetstar Airways, QantasSydney
83%
Air CanadaToronto (Pearson)
83%
Hawaiian AirlinesBoston
81%
Hawaiian Airlines, Southwest AirlinesLas Vegas
81%
Air CanadaMontreal (Trudeau)
81%
AirAsia X, Hawaiian Airlines, Japan AirlinesOsaka (Kansai)
81%
Asiana Airlines, Hawaiian Airlines, Jin Air, Korean AirSeoul (Incheon)
81%
Jetstar AirwaysMelbourne (Australia)
79%
Air Canada, WestJetCalgary
78%
Philippine AirlinesManila
78%
Delta AirlinesDetroit
77%
Delta AirlinesMinneapolis/Saint Paul
77%
Alaska Airlines, Hawaiian Airlines, Southwest AirlinesSan Jose (CA)
77%
Hawaiian Airlines, Southwest AirlinesSacramento
76%
United AirlinesWashington (Dulles)
76%
WestJetEdmonton
74%
China AirlinesTaipei (Taoyuan)
74%
Hawaiian Airlines, Southwest AirlinesHilo
72%
Hawaiian Airlines, Southwest AirlinesKahului
70%
Delta AirlinesSalt Lake City
70%
American AirlinesCharlotte
69%
United AirlinesNewark
69%
Hawaiian Airlines, Southwest AirlinesOakland
68%
Fiji AirwaysNadi
67%
Hawaiian Airlines, Southwest AirlinesLihue
66%
Hawaiian AirlinesAustin
65%
Hawaiian Airlines, Southwest AirlinesKona
65%
Hawaiian AirlinesBrisbane
64%
United AirlinesGuam
62%
Japan AirlinesNagoya (Centrair)
60%
Hawaiian AirlinesFukuoka
53%
United AirlinesOrange County
51%
AirAsia XKuala Lumpur (International)
50%
Hawaiian AirlinesSapporo (Chitose)
49%
Hawaiian Airlines, Southwest AirlinesLong Beach
48%
Fiji AirwaysApia (Faleolo)
47%
Hawaiian AirlinesPapeete
44%
Hawaiian AirlinesPago Pago
38%
United AirlinesMajuro
31%
Mokulele AirlinesMolokai
31%
United AirlinesChuuk
23%
United AirlinesPohnpei
17%
United AirlinesKosrae
13%
Mokulele AirlinesKapalua
12%
United AirlinesKwajalein
12%
Fiji AirwaysKiritimati
9%
Mokulele AirlinesKalaupapa
7%

Score Distribution

Percentile by Number Answered

Percent of People with Each Score

Your Score History

You have not taken this quiz since the last reset